[Event "Vinnytsia Olkhovsky Memorial 8th"]
[Site "Vinnytsia"]
[Date "2021.07.10"]
[Round "6"]
[White "Bosak, Viktor"]
[Black "Halych, Heorhiy"]
[Result "0-1"]
[WhiteElo "1779"]
[BlackElo "1982"]
[PlyCount "38"]
[EventDate "2021.07.10"]
[EventType "swiss (rapid)"]
[EventRounds "9"]
[EventCountry "UKR"]
[SourceTitle "CBM 203 Extra"]
[Source "ChessBase"]
[SourceDate "2021.09.30"]
[SourceVersion "1"]
[SourceVersionDate "2021.09.30"]
[SourceQuality "1"]

1. e4 c5 2. Nf3 d6 3. Bb5+ Nd7 4. c3 a6 5. Ba4 c4 6. 0-0 b5 7. Bc2 Ngf6 8. d3 cxd3 9. Qxd3 Nc5 10. Qe2 e5 11. Rd1 Qc7 12. a4 Bd7 13. axb5 Bxb5 14. c4 Bc6 15. Nc3 Qb7 16. Nd5 Nxd5 17. exd5 Bd7 18. Qd2 Nb3 19. Ra3 Nxd2 0-1